[Event "SVK-chT2D 2122"]
[Site "Slovakia"]
[Date "2021.10.17"]
[Round "2.5"]
[White "Rahl, Vojtech"]
[Black "Tauber, Marek"]
[Result "1/2-1/2"]
[WhiteElo "1904"]
[BlackElo "2049"]
[PlyCount "41"]
[EventDate "2021.10.16"]
[EventType "team-tourn"]
[EventRounds "11"]
[EventCountry "SVK"]
[SourceTitle "EXT 2023"]
[Source "ChessBase"]
[SourceDate "2022.10.05"]
[SourceVersion "1"]
[SourceVersionDate "2022.10.05"]
[SourceQuality "1"]
[WhiteTeam "Presov Tatran Dason"]
[BlackTeam "Spisska Nova Ves"]
[WhiteTeamCountry "SVK"]
[BlackTeamCountry "SVK"]

1. c4 Nf6 2. Nf3 c6 3. Nc3 d5 4. e3 g6 5. d4 Bg7 6. cxd5 cxd5 7. Bd3 0-0 8. 0-0 Nc6 9. Bd2 Bg4 10. h3 Bxf3 11. Qxf3 e5 12. dxe5 Nxe5 13. Qe2 Nxd3 14. Qxd3 Qb6 15. Rab1 Rfd8 16. Rfd1 d4 17. exd4 Rxd4 18. Qc2 Rc8 19. Be3 Rxd1+ 20. Rxd1 Qc6 21. Qd3 1/2-1/2

[Event "SVK-chT2D 1819"]
[Site "Slovakia"]
[Date "2018.10.14"]
[Round "2.7"]
[White "Novotny, Jan1"]
[Black "Rahl, Vojtech"]
[Result "0-1"]
[WhiteElo "1736"]
[BlackElo "1981"]
[PlyCount "46"]
[EventDate "2018.10.13"]
[EventType "team-tourn"]
[EventRounds "11"]
[EventCountry "SVK"]
[SourceTitle "CBM 187 Extra"]
[Source "ChessBase"]
[SourceDate "2018.11.04"]
[SourceVersion "1"]
[SourceVersionDate "2018.11.04"]
[SourceQuality "1"]
[WhiteTeam "Presov Slavia PU"]
[BlackTeam "Presov Tatran Dason"]
[WhiteTeamCountry "SVK"]
[BlackTeamCountry "SVK"]

1. d4 Nf6 2. c4 e6 3. Nf3 Bb4+ 4. Bd2 Qe7 5. Bxb4 Qxb4+ 6. Qd2 Qxc4 7. Ne5 Qa4 8. b3 Qa6 9. Nc3 b6 10. e4 Qb7 11. Rc1 0-0 12. d5 exd5 13. Nb5 c6 14. Nd4 Re8 15. Qg5 Nxe4 16. Qf4 d6 17. Nef3 Ng3+ 18. Kd2 Nxh1 19. Bd3 Nxf2 20. Bxh7+ Kxh7 21. Ng5+ Kg8 22. Qxd6 Qe7 23. Qf4 Qxg5 0-1

[Event "SVK-chT2D 1718"]
[Site "Slovakia"]
[Date "2018.02.04"]
[Round "7.4"]
[White "Rahl, Vojtech"]
[Black "Pcola, Jaroslav"]
[Result "0-1"]
[WhiteElo "2001"]
[BlackElo "1955"]
[PlyCount "78"]
[EventDate "2017.10.28"]
[EventType "team-tourn"]
[EventRounds "11"]
[EventCountry "SVK"]
[SourceTitle "EXT 2019"]
[Source "ChessBase"]
[SourceDate "2018.10.10"]
[SourceVersion "1"]
[SourceVersionDate "2018.10.10"]
[SourceQuality "1"]
[WhiteTeam "Presov Tatran II"]
[BlackTeam "Humenne Reinter"]
[WhiteTeamCountry "SVK"]
[BlackTeamCountry "SVK"]

1. Nf3 d5 2. b3 d4 3. Bb2 c5 4. e3 dxe3 5. fxe3 Nf6 6. Be2 b6 7. 0-0 Nbd7 8. d3 Bb7 9. e4 e6 10. Nbd2 Qc7 11. Nc4 Rd8 12. e5 Nd5 13. Ng5 b5 14. Nxf7 bxc4 15. Nxh8 Nxe5 16. Qe1 c3 17. Bc1 g6 18. Bg5 Be7 19. Bh6 Bf6 20. Rxf6 Nxf6 21. Qf2 Neg4 22. Bxg4 Nxg4 23. Qf8+ Kd7 24. Qf7+ Kc8 25. Qxe6+ Qd7 26. Qc4 Nxh6 27. Qxc5+ Qc7 28. Qg5 Nf5 29. Qf6 Qc5+ 30. Kh1 Qd5 31. Rg1 Qb5 32. Nf7 Rf8 33. Qe6+ Kb8 34. Ng5 Nd4 35. Qg4 Bc8 36. Qg3+ Ka8 37. Ne4 Qc6 38. Qe1 Bb7 39. Nxc3 Nf3 0-1

[Event "SVK-chT1E 1718"]
[Site "Slovakia"]
[Date "2017.11.05"]
[Round "4.4"]
[White "Novotny, Adam"]
[Black "Rahl, Vojtech"]
[Result "1/2-1/2"]
[WhiteElo "2054"]
[BlackElo "2024"]
[PlyCount "113"]
[EventDate "2017.10.21"]
[EventType "team-tourn"]
[EventRounds "11"]
[EventCountry "SVK"]
[SourceTitle "CBM 181 Extra"]
[Source "ChessBase"]
[SourceDate "2017.12.12"]
[SourceVersion "1"]
[SourceVersionDate "2017.12.12"]
[SourceQuality "1"]
[WhiteTeam "Kezmarok"]
[BlackTeam "Presov Tatran"]
[WhiteTeamCountry "SVK"]
[BlackTeamCountry "SVK"]

1. e4 e5 2. Nf3 d6 3. d4 Nf6 4. Nc3 Nbd7 5. Bc4 h6 6. 0-0 Be7 7. Re1 c6 8. a4 Qc7 9. Ba2 Nf8 10. Nh4 g6 11. f4 Nh5 12. Nf5 exf4 13. Nxe7 Qxe7 14. Nd5 Qd8 15. Nxf4 Nxf4 16. Bxf4 Ne6 17. Be3 Bd7 18. Qf3 Qe7 19. Rf1 Rh7 20. Rae1 0-0-0 21. Qf2 a6 22. d5 Ng5 23. Bf4 Nxe4 24. Qa7 f5 25. Rf3 Kc7 26. Rb3 Rb8 27. Qb6+ Kc8 28. Rd3 c5 29. h3 Qd8 30. Qa7 Be8 31. c3 g5 32. Be3 Re7 33. b4 Qc7 34. bxc5 Nxc5 35. Rdd1 b6 36. Qxc7+ Kxc7 37. Bxc5 Rxe1+ 38. Rxe1 bxc5 39. Re7+ Bd7 40. Bc4 Kd8 41. Rh7 Bxa4 42. Bxa6 Rb3 43. Rxh6 Ke7 44. Re6+ Kf7 45. Bd3 f4 46. Bg6+ Kg7 47. Bc2 Ra3 48. Bxa4 Rxa4 49. Rxd6 Rc4 50. Rc6 Rxc3 51. Kf2 c4 52. Rc8 Rd3 53. Rxc4 Rxd5 54. h4 Kg6 55. hxg5 Kxg5 56. Re4 Rc5 57. Re8 1/2-1/2

[Event "SVK-chT1E 1718"]
[Site "Slovakia"]
[Date "2017.11.04"]
[Round "3.6"]
[White "Rahl, Vojtech"]
[Black "Turkova, Karolina"]
[Result "0-1"]
[WhiteElo "2024"]
[BlackElo "1994"]
[PlyCount "58"]
[EventDate "2017.10.21"]
[EventType "team-tourn"]
[EventRounds "11"]
[EventCountry "SVK"]
[SourceTitle "CBM 181 Extra"]
[Source "ChessBase"]
[SourceDate "2017.12.12"]
[SourceVersion "1"]
[SourceVersionDate "2017.12.12"]
[SourceQuality "1"]
[WhiteTeam "Presov Tatran"]
[BlackTeam "Liptov Chess School II"]
[WhiteTeamCountry "SVK"]
[BlackTeamCountry "SVK"]

1. c4 e5 2. Nc3 Nf6 3. Nf3 Nc6 4. g3 d5 5. cxd5 Nxd5 6. d3 Be7 7. Bg2 Nb6 8. 0-0 0-0 9. Be3 Be6 10. Qd2 f6 11. Ne4 Qe8 12. Nc5 Bxc5 13. Bxc5 Rf7 14. b3 Rd7 15. Qb2 Qh5 16. Rac1 Bh3 17. Bxh3 Qxh3 18. d4 e4 19. Ne1 Rd5 20. f4 Rh5 21. Rf2 Nd5 22. Nc2 Rf5 23. Rcf1 h5 24. Qc1 h4 25. Rg2 hxg3 26. hxg3 Rh5 27. Ne3 Nxe3 28. Qxe3 Re8 29. Ba3 Nxd4 0-1

[Event "SVK-chT1E 1718"]
[Site "Slovakia"]
[Date "2017.10.21"]
[Round "1.5"]
[White "Rahl, Vojtech"]
[Black "Zvarik, Martin"]
[Result "0-1"]
[WhiteElo "2024"]
[BlackElo "2244"]
[PlyCount "68"]
[EventDate "2017.10.21"]
[EventType "team-tourn"]
[EventRounds "11"]
[EventCountry "SVK"]
[SourceTitle "CBM 181 Extra"]
[Source "ChessBase"]
[SourceDate "2017.12.12"]
[SourceVersion "1"]
[SourceVersionDate "2017.12.12"]
[SourceQuality "1"]
[WhiteTeam "Presov Tatran"]
[BlackTeam "Zilina Mladost"]
[WhiteTeamCountry "SVK"]
[BlackTeamCountry "SVK"]

1. c4 e5 2. Nc3 Nc6 3. Nf3 f5 4. d3 Nf6 5. g3 Bb4 6. a3 Bxc3+ 7. bxc3 Qe7 8. Bg2 d6 9. 0-0 Nd8 10. a4 a5 11. Ba3 Bd7 12. e3 Bc6 13. d4 e4 14. Nd2 h5 15. c5 d5 16. c4 h4 17. cxd5 Nxd5 18. Nc4 Nf7 19. Qd2 Qe6 20. Nxa5 Rxa5 21. Qxa5 Qh6 22. Rfb1 hxg3 23. hxg3 Ng5 24. Kf1 Qh2 25. Ke2 0-0 26. Rg1 Nf3 27. Bxf3 exf3+ 28. Kd3 Nxe3 29. Qd2 Ng4 30. Rgf1 Rd8 31. Bb2 Qh5 32. Qf4 Qf7 33. Kc3 Nf6 34. Kc2 Qc4+ 0-1

[Event "SVK-chT2D 1516"]
[Site "Slovakia"]
[Date "2016.02.14"]
[Round "9.3"]
[White "Rahl, Vojtech"]
[Black "Jurcisin, Imrich"]
[Result "1-0"]
[WhiteElo "2081"]
[BlackElo "2031"]
[PlyCount "57"]
[EventDate "2015.10.17"]
[EventType "team-tourn"]
[EventRounds "11"]
[EventCountry "SVK"]
[SourceTitle "EXT 2017"]
[Source "ChessBase"]
[SourceDate "2016.10.25"]
[SourceVersion "1"]
[SourceVersionDate "2016.10.25"]
[SourceQuality "1"]
[WhiteTeam "Presov Tatran"]
[BlackTeam "Kosice Slavia UPJS III"]
[WhiteTeamCountry "SVK"]
[BlackTeamCountry "SVK"]

1. c4 e5 2. Nc3 Nf6 3. Nf3 Nc6 4. g3 d5 5. cxd5 Nxd5 6. d3 Be7 7. Bg2 Nb6 8. 0-0 0-0 9. Be3 Be6 10. Qd2 f6 11. Ne4 Nd4 12. Rfc1 Rf7 13. Nc5 Bxc5 14. Rxc5 Nd7 15. Rc3 c5 16. b3 Rc8 17. Rac1 Nb5 18. R3c2 b6 19. b4 Na3 20. Rc3 Nb5 21. R3c2 Na3 22. Rb2 cxb4 23. Rxb4 a5 24. Rb2 Rxc1+ 25. Qxc1 b5 26. Nd2 Nb6 27. Qc6 Na4 28. Qxe6 Nxb2 29. Bd5 1-0

[Event "SVK-chT2D 1516"]
[Site "Slovakia"]
[Date "2015.12.05"]
[Round "5.3"]
[White "Kravec, Patrik"]
[Black "Rahl, Vojtech"]
[Result "1-0"]
[WhiteElo "2034"]
[BlackElo "2081"]
[PlyCount "91"]
[EventDate "2015.10.17"]
[EventType "team-tourn"]
[EventRounds "11"]
[EventCountry "SVK"]
[SourceTitle "CBM 170 Extra"]
[Source "ChessBase"]
[SourceDate "2016.02.25"]
[SourceVersion "1"]
[SourceVersionDate "2016.02.25"]
[SourceQuality "1"]
[WhiteTeam "Sabinov II"]
[BlackTeam "Presov Tatran"]
[WhiteTeamCountry "SVK"]
[BlackTeamCountry "SVK"]

1. e4 e5 2. Nf3 d6 3. Bc4 Be7 4. d3 Nf6 5. c3 0-0 6. 0-0 Nbd7 7. Bb3 Nc5 8. Bc2 Bg4 9. Re1 Bh5 10. Nbd2 Nfd7 11. Nf1 Bxf3 12. Qxf3 Bg5 13. Ne3 Ne6 14. g3 Qf6 15. Qg2 c6 16. h4 Bxe3 17. Bxe3 c5 18. Rad1 Qe7 19. Bb3 Kh8 20. Qh3 b5 21. Kg2 Nb6 22. Qg4 a5 23. Bg5 Qd7 24. Qf5 a4 25. Bc2 Nxg5 26. Qxd7 Nxd7 27. hxg5 Rfd8 28. d4 Nf8 29. f4 cxd4 30. cxd4 exf4 31. gxf4 Rac8 32. Bb1 Ne6 33. Kf3 Rc4 34. Ke3 b4 35. Rh1 g6 36. Rh2 Kg7 37. Rdh1 Nf8 38. Bd3 Rc7 39. d5 f6 40. gxf6+ Kxf6 41. Kd4 h5 42. e5+ Kg7 43. e6 Kf6 44. Rg2 Re8 45. f5 gxf5 46. Rxh5 1-0

[Event "SVK-chT2D 1516"]
[Site "Slovakia"]
[Date "2015.10.17"]
[Round "1.3"]
[White "Rahl, Vojtech"]
[Black "Sepesi, Samuel"]
[Result "1/2-1/2"]
[WhiteElo "2081"]
[BlackElo "2127"]
[PlyCount "98"]
[EventDate "2015.10.17"]
[EventType "team-tourn"]
[EventRounds "11"]
[EventCountry "SVK"]
[SourceTitle "CBM 169 Extra"]
[Source "ChessBase"]
[SourceDate "2015.12.18"]
[SourceVersion "1"]
[SourceVersionDate "2015.12.18"]
[SourceQuality "1"]
[WhiteTeam "Presov Tatran"]
[BlackTeam "Kosice 1 CC"]
[WhiteTeamCountry "SVK"]
[BlackTeamCountry "SVK"]

1. c4 c5 2. Nf3 g6 3. g3 Bg7 4. Bg2 Nc6 5. 0-0 d6 6. Nc3 Nh6 7. e4 Ng4 8. d3 0-0 9. Rb1 a6 10. Nd5 b5 11. h3 Nf6 12. Nxf6+ Bxf6 13. Bh6 Bg7 14. Bxg7 Kxg7 15. d4 bxc4 16. dxc5 dxc5 17. Qc2 Be6 18. Rfd1 Qb6 19. Nd2 Nd4 20. Qc3 Kg8 21. Bf1 Bxh3 22. Nxc4 Qf6 23. Qe3 Bg4 24. Rdc1 Rfd8 25. b3 Rac8 26. Nd2 h5 27. Rc3 Rc6 28. Rbc1 Rdc8 29. Kh2 Kg7 30. e5 Qe6 31. f3 Bf5 32. Bc4 Qd7 33. Ne4 Bxe4 34. Qxe4 Qf5 35. Qxf5 Nxf5 36. Bd5 R6c7 37. b4 Nd4 38. Rxc5 Rxc5 39. Rxc5 Rb8 40. Rc4 Nf5 41. Be4 Rb5 42. f4 Ne3 43. Rd4 a5 44. a3 axb4 45. axb4 Nf5 46. Bxf5 gxf5 47. Kg2 f6 48. exf6+ Kxf6 49. Rc4 Ke6 1/2-1/2

[Event "SVK-chT2D 1112"]
[Site "Slovakia"]
[Date "2011.12.04"]
[Round "6.2"]
[White "Belis, Rudolf"]
[Black "Rahl, Vojtech"]
[Result "1-0"]
[WhiteElo "2099"]
[BlackElo "2115"]
[PlyCount "77"]
[EventDate "2011.10.08"]
[EventType "team-tourn"]
[EventRounds "11"]
[EventCountry "SVK"]
[SourceTitle "EXT 2013"]
[Source "ChessBase"]
[SourceDate "2012.11.22"]
[SourceVersion "1"]
[SourceVersionDate "2012.11.22"]
[SourceQuality "1"]
[WhiteTeam "Presov Tatran Dason"]
[BlackTeam "Presov Tatran"]
[WhiteTeamCountry "SVK"]
[BlackTeamCountry "SVK"]

1. d4 Nf6 2. Nc3 d5 3. Bg5 g6 4. f3 Bg7 5. e4 dxe4 6. fxe4 Nc6 7. Bb5 0-0 8. Nf3 Bg4 9. e5 Nh5 10. Be3 Bxf3 11. gxf3 Nb4 12. Bc4 e6 13. Qd2 Bxe5 14. Ne4 Bxd4 15. Bg5 f6 16. Bh6 Nc6 17. Bxe6+ Kh8 18. 0-0-0 Re8 19. Bg4 Ng7 20. Qg2 Qe7 21. c3 f5 22. cxd4 fxe4 23. fxe4 Qxe4 24. Bf3 Qf5 25. Rhf1 Qb5 26. Be4 Rad8 27. Rf6 Nxd4 28. Bd3 Nb3+ 29. axb3 Rxd3 30. Rdf1 Rdd8 31. Rf7 Qc5+ 32. Kb1 Nh5 33. Bd2 Kg8 34. Bc3 Rf8 35. Qf3 b6 36. b4 Qd6 37. Be5 Qxb4 38. Bxc7 Rc8 39. Qd5 1-0

[Event "SVK-chT2D 0910"]
[Site "Slovakia"]
[Date "2010.02.28"]
[Round "11.3"]
[White "Rahl, Vojtech"]
[Black "Tauber, Marek"]
[Result "1/2-1/2"]
[WhiteElo "2079"]
[BlackElo "2187"]
[PlyCount "56"]
[EventDate "2009.10.10"]
[EventType "team"]
[EventRounds "11"]
[EventCountry "SVK"]
[SourceTitle "EXT 2011"]
[Source "ChessBase"]
[SourceDate "2010.11.26"]
[SourceVersion "1"]
[SourceVersionDate "2010.11.26"]
[SourceQuality "1"]
[WhiteTeam "Presov Tatran"]
[BlackTeam "Kezmarok II"]
[WhiteTeamCountry "SVK"]
[BlackTeamCountry "SVK"]

1. c4 g6 2. g3 Bg7 3. Bg2 Nf6 4. Nf3 0-0 5. 0-0 d5 6. cxd5 Nxd5 7. Nc3 c5 8. Qb3 Nb4 9. a3 Qa5 10. d3 Be6 11. Qd1 Nd5 12. Ne4 Na6 13. Nfg5 Bd7 14. Bd2 Qb6 15. Nc3 Nf6 16. Rb1 Bc6 17. Na4 Qc7 18. Bxc6 Qxc6 19. b4 b5 20. Nxc5 Nxc5 21. bxc5 Qxc5 22. Qb3 a6 23. Rbc1 Qd6 24. Rc2 h6 25. Nf3 Rfc8 26. Bb4 Qd8 27. Rfc1 e6 28. Bd2 Nd5 1/2-1/2

[Event "SVK-chT2D 0910"]
[Site "Slovakia"]
[Date "2010.02.27"]
[Round "10.4"]
[White "Turzak, Milan"]
[Black "Rahl, Vojtech"]
[Result "1/2-1/2"]
[WhiteElo "1825"]
[BlackElo "2079"]
[PlyCount "34"]
[EventDate "2009.10.10"]
[EventType "team"]
[EventRounds "11"]
[EventCountry "SVK"]
[SourceTitle "EXT 2011"]
[Source "ChessBase"]
[SourceDate "2010.11.26"]
[SourceVersion "1"]
[SourceVersionDate "2010.11.26"]
[SourceQuality "1"]
[WhiteTeam "Prakovce"]
[BlackTeam "Presov Tatran"]
[WhiteTeamCountry "SVK"]
[BlackTeamCountry "SVK"]

1. e4 e5 2. Nf3 d6 3. Bc4 Be7 4. c3 Nf6 5. d3 0-0 6. Nbd2 c6 7. 0-0 h6 8. Re1 Qc7 9. Nf1 d5 10. exd5 cxd5 11. Bb3 Nc6 12. Ng3 Bd6 13. Qc2 Bd7 14. Bd2 Rac8 15. Nh4 e4 16. dxe4 Bxg3 17. hxg3 dxe4 1/2-1/2

[Event "SVK-chT1E 0809"]
[Site "Slovakia"]
[Date "2009.03.08"]
[Round "11.3"]
[White "Rahl, Vojtech"]
[Black "Lednicky, Martin"]
[Result "0-1"]
[WhiteElo "2065"]
[BlackElo "2210"]
[PlyCount "36"]
[EventDate "2008.10.18"]
[EventType "team-tourn"]
[EventRounds "11"]
[EventCountry "SVK"]
[SourceTitle "EXT 2010"]
[Source "ChessBase"]
[SourceDate "2010.11.25"]
[SourceVersion "1"]
[SourceVersionDate "2010.11.25"]
[SourceQuality "1"]
[WhiteTeam "Presov Tatran"]
[BlackTeam "Rajecke Teplice"]
[WhiteTeamCountry "SVK"]
[BlackTeamCountry "SVK"]

1. c4 c6 2. e4 e5 3. d4 Nf6 4. Nc3 Bb4 5. f3 Qa5 6. Qd3 d5 7. exd5 exd4 8. Qxd4 cxd5 9. cxd5 0-0 10. Bc4 Rd8 11. Bd2 Nc6 12. Qf4 Ne5 13. Nge2 Nxc4 14. Qxc4 Nxd5 15. 0-0 Be6 16. Qh4 Qb6+ 17. Kh1 Be7 18. Qe1 Nb4 0-1

[Event "SVK-chT1E 0809"]
[Site "Slovakia"]
[Date "2008.12.14"]
[Round "6.2"]
[White "Galovic, Stefan"]
[Black "Rahl, Vojtech"]
[Result "0-1"]
[WhiteElo "2167"]
[BlackElo "2065"]
[PlyCount "68"]
[EventDate "2008.10.18"]
[EventType "team-tourn"]
[EventRounds "11"]
[EventCountry "SVK"]
[SourceTitle "EXT 2010"]
[Source "ChessBase"]
[SourceDate "2010.11.25"]
[SourceVersion "1"]
[SourceVersionDate "2010.11.25"]
[SourceQuality "1"]
[WhiteTeam "Svit SO"]
[BlackTeam "Presov Tatran"]
[WhiteTeamCountry "SVK"]
[BlackTeamCountry "SVK"]

1. d4 Nf6 2. c4 e6 3. Nc3 Bb4 4. e3 0-0 5. Bd3 Bxc3+ 6. bxc3 d6 7. Ne2 c5 8. 0-0 Nc6 9. Nf4 e5 10. dxe5 dxe5 11. Nd5 Be6 12. e4 Ne8 13. f4 exf4 14. Bxf4 f6 15. Qh5 Bf7 16. Qh3 Ne5 17. Bxe5 fxe5 18. Qg3 Nd6 19. Qxe5 Re8 20. Qg3 Bxd5 21. exd5 Qd7 22. Qh4 g6 23. Rf6 Re7 24. Raf1 Rae8 25. Qf4 Nf7 26. Qf2 b6 27. Bxg6 hxg6 28. Rxg6+ Kh7 29. Rf6 Ne5 30. Qh4+ Kg8 31. R1f5 Rg7 32. Qf4 Ng6 33. Qg3 Rf8 34. Rxf8+ Nxf8 0-1

[Event "SVK-chT1E 0809"]
[Site "Slovakia"]
[Date "2008.11.23"]
[Round "4.1"]
[White "Rahl, Vojtech"]
[Black "Mrvova, Alena"]
[Result "0-1"]
[WhiteElo "2065"]
[BlackElo "2205"]
[PlyCount "92"]
[EventDate "2008.10.18"]
[EventType "team-tourn"]
[EventRounds "11"]
[EventCountry "SVK"]
[SourceTitle "EXT 2010"]
[Source "ChessBase"]
[SourceDate "2010.11.25"]
[SourceVersion "1"]
[SourceVersionDate "2010.11.25"]
[SourceQuality "1"]
[WhiteTeam "Presov Tatran"]
[BlackTeam "Bardejov BSK"]
[WhiteTeamCountry "SVK"]
[BlackTeamCountry "SVK"]

1. e4 c5 2. c3 d5 3. exd5 Qxd5 4. d4 g6 5. Nf3 Bg7 6. Bb5+ Bd7 7. Bxd7+ Nxd7 8. 0-0 Ngf6 9. Na3 cxd4 10. Qxd4 Qxd4 11. Nxd4 0-0 12. Re1 e6 13. Bf4 Nd5 14. Bd6 Rfc8 15. Rad1 N7b6 16. Be5 f6 17. Bg3 e5 18. Ndc2 Bf8 19. Re2 g5 20. Red2 Nf4 21. Bxf4 gxf4 22. Nb5 Nc4 23. Rd7 Nxb2 24. Rb1 Na4 25. Nc7 Rd8 26. Rbd1 Rxd7 27. Rxd7 Rc8 28. Nd5 Rc6 29. Rxb7 Nxc3 30. Ncb4 Bxb4 31. Nxb4 Rb6 32. Rxb6 axb6 33. Kf1 Kf7 34. Ke1 Ke6 35. Kd2 Nd5 36. Nc2 Kd6 37. Kd3 f5 38. Kc4 Kc6 39. a4 Nc7 40. Nb4+ Kd6 41. Nd3 Nd5 42. Kb5 e4 43. Nc1 Nc3+ 44. Kb4 Nd1 45. f3 Ne3 46. fxe4 fxe4 0-1

[Event "SVK-chT1E 0809"]
[Site "Slovakia"]
[Date "2008.10.19"]
[Round "2.1"]
[White "Rahl, Vojtech"]
[Black "Frink, Ferenc"]
[Result "0-1"]
[WhiteElo "2065"]
[BlackElo "2199"]
[PlyCount "72"]
[EventDate "2008.10.18"]
[EventType "team-tourn"]
[EventRounds "11"]
[EventCountry "SVK"]
[SourceTitle "EXT 2010"]
[Source "ChessBase"]
[SourceDate "2010.11.25"]
[SourceVersion "1"]
[SourceVersionDate "2010.11.25"]
[SourceQuality "1"]
[WhiteTeam "Presov Tatran"]
[BlackTeam "Filakovo"]
[WhiteTeamCountry "SVK"]
[BlackTeamCountry "SVK"]

1. c4 Nf6 2. Nc3 Nc6 3. e4 e5 4. Nf3 Bb4 5. d3 d6 6. Be2 0-0 7. 0-0 Ne7 8. Bg5 Bxc3 9. bxc3 Ng6 10. Nh4 h6 11. Nxg6 fxg6 12. Be3 g5 13. c5 b6 14. cxd6 Qxd6 15. f3 Be6 16. d4 Rad8 17. Qa4 Bf7 18. Rad1 a5 19. Bc4 Bxc4 20. Qxc4+ Kh7 21. Rd2 g4 22. dxe5 Qxe5 23. Rxd8 Rxd8 24. Bd4 Qe7 25. fxg4 Nxg4 26. Rf7 Rxd4 27. cxd4 Qxe4 28. Qc3 Ne3 29. Qd2 Qb1+ 30. Kf2 Qf1+ 31. Kxe3 Qxf7 32. Qc2+ g6 33. h3 h5 34. a3 Kh6 35. Qd3 h4 36. d5 Qe7+ 0-1

[Event "SVK-chT1E 0809"]
[Site "Slovakia"]
[Date "2008.10.18"]
[Round "1.1"]
[White "Rahl, Vojtech"]
[Black "Vacek, Ondrej"]
[Result "1/2-1/2"]
[WhiteElo "2065"]
[BlackElo "2147"]
[PlyCount "67"]
[EventDate "2008.10.18"]
[EventType "team-tourn"]
[EventRounds "11"]
[EventCountry "SVK"]
[SourceTitle "EXT 2010"]
[Source "ChessBase"]
[SourceDate "2010.11.25"]
[SourceVersion "1"]
[SourceVersionDate "2010.11.25"]
[SourceQuality "1"]
[WhiteTeam "Presov Tatran"]
[BlackTeam "Banska Bystrica TH junior"]
[WhiteTeamCountry "SVK"]
[BlackTeamCountry "SVK"]

1. c4 c6 2. e4 e5 3. d4 d6 4. dxe5 dxe5 5. Qxd8+ Kxd8 6. Nf3 f6 7. Be3 Kc7 8. Be2 Nd7 9. 0-0 Bc5 10. Bd2 a5 11. Nc3 a4 12. b3 axb3 13. axb3 Rxa1 14. Rxa1 Ne7 15. Na4 Ng6 16. g3 Ngf8 17. b4 Be7 18. c5 Nb8 19. Nh4 Ne6 20. Nf5 Bf8 21. Bc3 g6 22. Ne3 Be7 23. Nc4 Nd7 24. Rd1 Ng5 25. f3 Nf7 26. Kf2 Nb8 27. f4 exf4 28. gxf4 Rd8 29. Rxd8 Kxd8 30. Nab6 Be6 31. Na5 Kc7 32. Bc4 Bxc4 33. Nbxc4 Nd7 34. Ke3 1/2-1/2

[Event "SVK-chT1E 0708"]
[Site "Slovakia"]
[Date "2008.02.09"]
[Round "8.6"]
[White "Rahl, Vojtech"]
[Black "Zvarik, Martin"]
[Result "0-1"]
[WhiteElo "2102"]
[BlackElo "2295"]
[PlyCount "76"]
[EventDate "2007.10.13"]
[EventType "team-swiss"]
[EventRounds "11"]
[EventCountry "SVK"]
[SourceTitle "EXT 2009"]
[Source "ChessBase"]
[SourceDate "2008.11.26"]
[SourceVersion "1"]
[SourceVersionDate "2008.11.26"]
[SourceQuality "1"]
[WhiteTeam "Presov Tatran"]
[BlackTeam "Zilina Mladost"]
[WhiteTeamCountry "SVK"]
[BlackTeamCountry "SVK"]

1. c4 Nf6 2. Nf3 b6 3. g3 Bb7 4. Bg2 e5 5. 0-0 d6 6. Nc3 Be7 7. d4 exd4 8. Nxd4 Bxg2 9. Kxg2 Qd7 10. e4 0-0 11. f3 a6 12. Nf5 Bd8 13. Be3 Nc6 14. Qd2 Qe6 15. b3 Ne7 16. Nd4 Qd7 17. Rad1 Ne8 18. f4 c5 19. Nf3 Qb7 20. f5 b5 21. Qd3 Ba5 22. Ne2 Nf6 23. Qxd6 Qxe4 24. Qd3 Nxf5 25. Bxc5 Rfe8 26. Nf4 bxc4 27. bxc4 Rac8 28. Bg1 Rxc4 29. Qxe4 Rcxe4 30. Rc1 Ng4 31. Kh3 Nge3 32. Rf2 h6 33. Nh4 Nxh4 34. gxh4 g5 35. hxg5 hxg5 36. Ng2 Nxg2 37. Rxg2 Rh4+ 38. Kg3 Be1+ 0-1

[Event "SVK-chT1E 0708"]
[Site "Slovakia"]
[Date "2007.10.13"]
[Round "1.5"]
[White "Saga, Vladimir"]
[Black "Rahl, Vojtech"]
[Result "1/2-1/2"]
[WhiteElo "2113"]
[BlackElo "2102"]
[PlyCount "88"]
[EventDate "2007.10.13"]
[EventType "team-swiss"]
[EventRounds "11"]
[EventCountry "SVK"]
[SourceTitle "EXT 2009"]
[Source "ChessBase"]
[SourceDate "2008.11.26"]
[SourceVersion "1"]
[SourceVersionDate "2008.11.26"]
[SourceQuality "1"]
[WhiteTeam "Dunajov Inbest"]
[BlackTeam "Presov Tatran"]
[WhiteTeamCountry "SVK"]
[BlackTeamCountry "SVK"]

1. e4 e5 2. c3 d5 3. Qc2 Nf6 4. d3 Be7 5. g3 c5 6. Bg2 Nc6 7. Bg5 Be6 8. Bxf6 Bxf6 9. Qb3 0-0 10. exd5 Na5 11. Qc2 Bxd5 12. Be4 Be7 13. c4 Bc6 14. Nc3 f5 15. Bd5+ Bxd5 16. Nxd5 Nc6 17. Ne2 Bd6 18. 0-0-0 a6 19. h4 b5 20. f4 Kh8 21. h5 Qa5 22. b3 Rab8 23. Qd2 Qd8 24. Rdf1 a5 25. Ndc3 b4 26. Na4 Qc7 27. fxe5 Nxe5 28. d4 cxd4 29. Qxd4 Ng4 30. Nf4 Be5 31. Qc5 Bxf4+ 32. Rxf4 Qd7 33. Rd1 Qe6 34. Qd4 Nf6 35. h6 g6 36. Nc5 Qe7 37. Qd6 Qe3+ 38. Rd2 Rbd8 39. Nd7 Rf7 40. Qe5 Qg1+ 41. Kc2 Rfxd7 42. Rxd7 Rxd7 43. Qxf6+ Kg8 44. Qe6+ Rf7 1/2-1/2

[Event "SVK-chT1E 0607"]
[Site "Slovakia"]
[Date "2006.12.02"]
[Round "5.4"]
[White "Foglar, Ivan"]
[Black "Rahl, Vojtech"]
[Result "1/2-1/2"]
[WhiteElo "2073"]
[BlackElo "2134"]
[PlyCount "72"]
[EventDate "2006.10.07"]
[EventType "team-tourn"]
[EventRounds "11"]
[EventCountry "SVK"]
[SourceTitle "EXT 2008"]
[Source "ChessBase"]
[SourceDate "2007.11.25"]
[SourceVersion "1"]
[SourceVersionDate "2007.11.25"]
[SourceQuality "1"]
[WhiteTeam "Margecany OSK"]
[BlackTeam "Presov Tatran"]
[WhiteTeamCountry "SVK"]
[BlackTeamCountry "SVK"]

1. e4 e5 2. Nf3 d6 3. d4 Nf6 4. dxe5 Nxe4 5. Bc4 c6 6. exd6 Bxd6 7. 0-0 0-0 8. Qd4 Bf5 9. Nc3 Bc5 10. Qxd8 Rxd8 11. Nxe4 Bxe4 12. Bxf7+ Kf8 13. Ng5 Bf5 14. Ne6+ Bxe6 15. Bxe6 Na6 16. Bf4 Nb4 17. c3 Nd5 18. Bg3 Nf6 19. Rad1 Ne4 20. Bh4 g5 21. Bg3 Nxg3 22. hxg3 h6 23. Bd7 Be7 24. Rfe1 Bf6 25. Rd6 Bg7 26. Rd3 Bf6 27. f4 Kg7 28. f5 Rf8 29. g4 Rad8 30. Kf2 Rf7 31. Red1 Re7 32. Kf3 Be5 33. Be6 Rxd3+ 34. Rxd3 Bc7 35. b3 Kf6 36. c4 Re8 1/2-1/2